Worst Countries at Reducing Disaster Risk - Statistics

General Stats
  • This quiz has been taken 18 times
  • The average score is 1 of 9
Answer Stats
Score Country % Correct
2.3 Laos
38%
2.3 Yemen
38%
2.0 Vanuatu
25%
1.0 Guinea Bissau
13%
1.8 Marshall Islands
13%
2.0 Solomon Islands
13%
2.3 Bolivia
0%
1.8 Comoros
0%
1.8 Malawi
0%
No matching quizzes found
Score Distribution
Percent of People with Each Score
Percentile by Number Answered
Your Score History
You have not taken this quiz